New York Yankees 2025 Roster - Statistics

General Stats
  • This quiz has been taken 133 times
  • The average score is 25 of 34
Answer Stats
Jersey # Pos Player % Correct
99 RF Aaron Judge
99%
11 SS Anthony Volpe
99%
27 DH Giancarlo Stanton
98%
28 C Austin Wells
97%
35 LF Cody Bellinger
95%
54 P Max Fried
94%
22 1B Ben Rice
93%
13 2B Jazz Chisholm Jr
93%
12 CF Trent Grisham
92%
55 P Carlos Rodon
91%
24 LF Jasson Dominguez
90%
19 3B Ryan McMahon
90%
48 1B Paul Goldschmidt
88%
45 P Gerrit Cole
83%
30 BP Luke Weaver
82%
41 BP Tim Hill
80%
98 P Will Warren
79%
38 BP Devin Williams
78%
95 3B Oswaldo Cabrera
77%
81 P Luis Gil
76%
31 P Cam Schlittler
74%
72 SS Jose Caballero
71%
53 BP David Bednar
70%
14 3B Amed Rosario
65%
63 BP Fernando Cruz
65%
75 BP Camilo Doval
61%
36 P Clarke Schmidt
59%
29 LF Austin Slater
57%
56 BP Mark Leiter Jr
47%
58 BP Paul Blackburn
43%
33 BP Ryan Yarbrough
40%
43 BP Jonathan Loaisiga
28%
47 BP Brent Headrick
21%
61 BP Jake Cousins
13%
No matching quizzes found
Score Distribution
Percent of People with Each Score
Percentile by Number Answered
Your Score History
You have not taken this quiz